| 000 | 01700nam a2200361 i 4500 | ||
|---|---|---|---|
| 001 | 000026813 | ||
| 003 | DO-SdBNP | ||
| 005 | 20250730130119.0 | ||
| 007 | ta | ||
| 008 | 110325s1960 dr ac 000 0 spa d | ||
| 040 |
_aDO-SdBNP _bspa _cBNPHU _erda |
||
| 041 | _aspa | ||
| 082 | 4 |
_a343.056 _bR426a 1960 _222 |
|
| 110 | 1 |
_aRepública Dominicana _9447 |
|
| 240 | 1 | 0 | _a[Leyes, etc.] |
| 245 | 1 | 0 | _aArancel de importación y exportación. |
| 250 | _aTercera edición | ||
| 264 |
_aSanto Domingo, República Dominicana : _bHandicap, _c1960. |
||
| 300 |
_a281 páginas : _bilustraciones, retratos ; _c27 cm. |
||
| 336 |
_atexto _btxt _2rdacontent |
||
| 337 |
_asin mediación _bn _2rdamedia |
||
| 338 |
_avolumen _bnc _2rdacarrier |
||
| 500 | _aIncluye referencias bibliográficas y notas al pie de las páginas | ||
| 500 | _aApéndices: p. 227-241 concesiones otorgadas por la República Dominicana a las partes contratantes del acuerdo general sobre aranceles y comercio (GATT) | ||
| 500 | _aIncluye índice : p. 107-224 | ||
| 505 | 0 |
_aLey No. 1488, publicada en la Gaceta Oficial No. 6678, de fecha 19 de agosto de 1947, con sus modificaciones, apéndices contentivo de las concesiones otorgadas a las partes contratantes del acuerdo general sobre aranceles y comercio / _tLa ley No. 3489 de fecha 14 de febrero de 1953, para el régimen de las aduanas. |
|
| 590 | _aInventariado, 2019/VM | ||
| 650 | 4 |
_aAranceles de aduana _xLegislación _zRepública Dominicana _96956 |
|
| 650 | 4 |
_aImportación _xLegislación _zRepública Dominicana _935772 |
|
| 650 | 4 |
_aExportaciones _xLegislación _zRepública Dominicana _935773 |
|
| 910 | _aValidado. Control de calidad MFF | ||
| 942 |
_2ddc _cLBS1 |
||
| 999 |
_c26305 _d26305 |
||